Statistics for Night by Wiesel in 4 Letters

Click here to take the quiz!

General Stats

  • This quiz has been taken 49 times
  • The average score is 15 of 18

Answer Stats

HintAnswer% Correct
After Auschwitz, what camp was Elie sent to?Buna
100%
Auschwitz was the largest concentration _____.camp
100%
Mrs. Schachter kept yelling this in the cattle car.fire
100%
Ellie went to the infirmary because of his swollen _____.foot
100%
Ellie had a _____ crown that was desired by many.gold
100%
They let the pipel _____ for 30 minutes as he slowly died.hang
100%
What group was persecuted, determined by Hitler to be annihilated?Jews
100%
When all hope seemed lost, Juliek played a German _____ on his violin.song
100%
During the bombing, a man was shot because he tried to steal _____.soup
100%
What year did Elie arrive at the camp?1944
88%
Idek was a ____.kapo
88%
After seeing and laughing at something undesirable, Elie was punished with this.whip
88%
What was the Jews' main activity while in the camps?work
88%
Yossi's brotherTibi
75%
In Elie's last experience, in the cattle car after the death march, what killed most of the men?cold
63%
Elie's job when in the musicians' Kommando was to sort this.bolt
50%
Elie couldn't stand the _____ his father was in.pain
50%
One constant that remained with the prisoners was their sense of _____.fear
25%

Score Distribution

Percentile by Number Answered

Percent of People with Each Score

Your Score History

You have not taken this quiz